| 000 | 00539nam a2200193 u 4500 | ||
|---|---|---|---|
| 005 | 20240803063817.0 | ||
| 008 | 160303s1994 r 000 0 eng d | ||
| 020 | _a8426412262 | ||
| 035 | _aUPN01000208694 | ||
| 049 | _aCG | ||
| 050 | 4 |
_aPQ6663 A7.459 _bM3.3 |
|
| 100 | 1 |
_aMartín Garzo, Gustavo, _d1948- _937971 |
|
| 245 | 1 | 0 |
_aMarea oculta / _cGustavo Martín Garzo. |
| 260 |
_aBarcelona, Esp. : _bLumen, _c1994. |
||
| 300 | _a150 p. | ||
| 440 | 0 |
_aPalabra en el tiempo ; _v226 |
|
| 650 | 4 |
_aNovela española _910814 |
|
| 905 | _aLibro | ||
| 999 |
_c180795 _d180795 |
||